doe hunting - Ethel cain - Statistics

General Stats
  • This quiz has been taken 3 times
  • The average score is 24 of 256
Answer Stats
Answer % Correct
do
100%
the
100%
(the
100%
at
50%
but
50%
i
50%
(i
50%
in
50%
know
50%
know)
50%
they
50%
(aah)
0%
about
0%
ah
0%
all
0%
alright)
0%
and
0%
(and
0%
are
0%
around
0%
ass
0%
back
0%
be
0%
been
0%
bow
0%
by
0%
can
0%
cause
0%
come
0%
coming
0%
could
0%
didnt
0%
dont
0%
(even
0%
everything
0%
far
0%
fight
0%
fine
0%
hard
0%
hardest
0%
here
0%
here)
0%
(hey
0%
home
0%
hurts
0%
if
0%
(if
0%
ill
0%
im
0%
it
0%
its
0%
just
0%
knew
0%
late
0%
lie
0%
like
0%
look
0%
loud
0%
love
0%
me
0%
memories
0%
night
0%
no
0%
(no
0%
no)
0%
not
0%
nothing
0%
now
0%
now)
0%
oh
0%
okay
0%
one
0%
ooh)
0%
open
0%
really
0%
round
0%
say
0%
so
0%
soon
0%
stop
0%
talk
0%
talking
0%
telling
0%
that
0%
theyve
0%
think
0%
to)
0%
to
0%
too
0%
try
0%
turbulent)
0%
wanna
0%
want
0%
wanted
0%
we
0%
what
0%
when
0%
windows
0%
work)
0%
would)
0%
yeah
0%
(yeah
0%
you
0%
you)
0%
youll
0%
your
0%
youre
0%
(youve
0%
No matching quizzes found
Score Distribution
Percent of People with Each Score
Percentile by Number Answered
Your Score History
You have not taken this quiz